[Event "FRA-ch U12"]
[Site "Agen"]
[Date "2021.10.25"]
[Round "2"]
[White "Samouh, Justin"]
[Black "Zienkiewicz, Jan"]
[Result "1-0"]
[WhiteElo "1497"]
[BlackElo "2050"]
[PlyCount "113"]
[EventDate "2021.10.22"]
[EventType "swiss"]
[EventRounds "9"]
[EventCountry "FRA"]
[SourceTitle "EXT 2023"]
[Source "ChessBase"]
[SourceDate "2022.10.05"]
[SourceVersion "1"]
[SourceVersionDate "2022.10.05"]
[SourceQuality "1"]

1. e4 c5 2. Nf3 Nc6 3. Bb5 d6 4. c3 Nf6 5. d3 Bd7 6. h3 e5 7. a4 Be7 8. Bg5 0-0 9. Nbd2 Qc7 10. Nf1 Be6 11. Ne3 Rad8 12. Bxf6 Bxf6 13. Bc4 Rfe8 14. Bd5 Ne7 15. g4 Bxd5 16. exd5 Ng6 17. h4 e4 18. dxe4 Rxe4 19. g5 Be7 20. Qd3 Rf4 21. Ng2 Rg4 22. Ne3 c4 23. Qc2 Rf4 24. h5 Ne5 25. Nxe5 dxe5 26. g6 fxg6 27. hxg6 h6 28. 0-0-0 Bg5 29. Kb1 Qb6 30. d6 Rxd6 31. Nd5 Rxd5 32. Rxd5 Rxf2 33. Rb5 Qe3 34. Rxb7 Kf8 35. Rb8+ Ke7 36. Qd1 Qd3+ 37. Ka1 Qxd1+ 38. Rxd1 e4 39. Rb7+ Ke6 40. Rxg7 e3 41. Rxa7 e2 42. Re1 Rf1 43. g7 Rxe1+ 44. Ka2 Ra1+ 45. Kxa1 e1Q+ 46. Ka2 Kf5 47. g8Q Qe2 48. Qf7+ Kg4 49. Qd7+ Kg3 50. Qd6+ Kh3 51. Rf7 Qc2 52. Qe6+ Kg3 53. Qxc4 h5 54. Rg7 Qd2 55. Qd4 Qc1 56. Qe5+ Kg4 57. Qxg5+ 1-0